00821nam a2200205Ia 4500003000900000008004100009020001800050040001600068080001600084245012700100260003800227300001600265650003200281650005100313650005000364700007200414942000700486999001700493952010500510IN-BaIIA211028s9999 xx 000 0 eng d a0-471-12141-X cIIA Library a629.19bSPA 0aSpace vehicle mechanismsbelements of successful designcedited by P. L. Conley  aNew YorkbJohn Wiley & Sonsc1998 axvi, 794 p. aMechanical engineering9667 aSpace vehicle - design and construction924729 aSpace vehicle - equipment and supplies924730 aConley, P. L., ed. 924731 cBK c14070d14070 00104070aBANbBANcGENd0000-00-00l1o629.19/ SPAp14990r2025-04-07s2023-07-12w0000-00-00yBK